What Taylor Swift Songs are REAL (Speak Now) - Statistics

General Stats
  • This quiz has been taken 65 times
  • The average score is 10 of 12
Answers on the Grid
Answers color-coded by a green-red scale on the quiz's grid according to % correct below.
I Can See You
Speak Now
Dear Josh
Our Story
Long Live
Mine
Sparks Fly
Emma Is In Love
Haunted
Sparks Flying
Live Your Life
Hi John
Mean
Haunts Me
Getting Older
Out Of Here
Last Kiss
Dear John
Our Love
This Year
No Time
Timeless
Kiss Me
Love Me
Foolish One
Seeing You
Foolish Ones
Enchanting
Time With You
Ours
 
Answer Stats
Answer % Correct
Speak Now
93%
I Can See You
88%
Long Live
85%
Sparks Fly
85%
Dear John
83%
Last Kiss
83%
Mine
83%
Mean
80%
Haunted
78%
Foolish One
75%
Ours
75%
Timeless
75%
No matching quizzes found
Score Distribution
Percent of People with Each Score
Percentile by Number Answered
Your Score History
You have not taken this quiz